Imaging anatomy : musculoskeletal (second edition) (Record no. 64104)

MARC details
000 -LEADER
fixed length control field 01083nam a2200229 a 4500
008 - FIXED-LENGTH DATA ELEMENTS--GENERAL INFORMATION
fixed length control field 191129s2016 ||||||||||||||||| || u
020 ## - INTERNATIONAL STANDARD BOOK NUMBER
International Standard Book Number 9780323377560
050 ## - LIBRARY OF CONGRESS CALL NUMBER
Classification number RC 925.7 Man
100 ## - MAIN ENTRY--PERSONAL NAME
Personal name Manaster, B. J
245 10 - TITLE STATEMENT
Title Imaging anatomy : musculoskeletal (second edition)
Statement of responsibility, etc. By B.J. Manaster ; Julia Crim
250 ## - EDITION STATEMENT
Edition statement 2nd edition
260 ## - PUBLICATION, DISTRIBUTION, ETC.
Place of publication, distribution, etc. Philadelphia
Name of publisher, distributor, etc. Elsevier
Date of publication, distribution, etc. 2016
300 ## - PHYSICAL DESCRIPTION
Extent xv, 1139 pages : illustrations
350 ## -
-- 256.49
650 ## - SUBJECT ADDED ENTRY--TOPICAL TERM
Topical term or geographic name entry element MUSCULOSKELETAL DISEASES--RADIOGRAPHY
650 #3 - SUBJECT ADDED ENTRY--TOPICAL TERM
Topical term or geographic name entry element MUSCULOSKELETAL DISEASES--DIAGNOSIS--HANDBOOKS
650 ## - SUBJECT ADDED ENTRY--TOPICAL TERM
Topical term or geographic name entry element MUSCULOSKELETAL SYSTEM--RADIOGRAPHY--ATLASES
650 ## - SUBJECT ADDED ENTRY--TOPICAL TERM
Topical term or geographic name entry element MUSCULOSKELETAL SYSTEM--INJURIES--ATLASES
700 ## - ADDED ENTRY--PERSONAL NAME
Personal name Crim, Julia
995 ## -
-- MEDICAL LIBRARY OPEN ACCESS
-- 904663
-- CBU-SCHOOL OF MEDICINE LIBRARY (Ndola)
-- 256.49
-- RC 925.7 Man
-- 1
-- AVAILABLE
-- Dec 13, 2019
-- 904663
-- Medical Library Open Access Collection
995 ## -
-- MEDICAL LIBRARY OPEN ACCESS
-- 904664
-- CBU-SCHOOL OF MEDICINE LIBRARY (Ndola)
-- 256.49
-- RC 925.7 Man
-- 2
-- AVAILABLE
-- Dec 13, 2019
-- 904664
-- Medical Library Open Access Collection
999 ## -
-- 64104
-- 64104
Holdings
Withdrawn status Lost status Source of classification or shelving scheme Damaged status Not for loan Permanent Location Current Location Shelving location Date acquired Total Checkouts Full call number Barcode Date last seen Copy number Price effective from Koha item type
          CBU-SCHOOL OF MEDICINE LIBRARY, NDOLA. CBU-SCHOOL OF MEDICINE LIBRARY, NDOLA.   02/09/2023   RC 925.7 Man 904663 02/09/2023 1 02/09/2023 MONOGRAPH
          CBU-SCHOOL OF MEDICINE LIBRARY, NDOLA. CBU-SCHOOL OF MEDICINE LIBRARY, NDOLA.   02/09/2023   RC 925.7 Man 904664 02/09/2023 2 02/09/2023 MONOGRAPH